000 00584nam a2200229Ia 4500
003 OSt
005 20220924153326.0
006 a|||||r|||| 00| 0
007 ta
008 220923b |||||||| |||| 00| 0 mar d
024 _a347859
037 _cTextual
040 _aARTS
_cARTS
_bmar
041 _2mar
_amar
082 _aO155,3N00,11, 156J7
100 _aMaadkholkar
_9155506
245 0 _aMukatatma
260 _c1957
650 _aMARATHI LITERATURE
_938000
942 _hO155,3N00,11, 156J7
_cTEXL
_2CC
999 _c473141
_d473141